Regionalne i tradycyjne oleje i tłuszcze w jadłospisie studenta

Gespeichert in:
Bibliographische Detailangaben
1. Verfasser: Krzywonos, Małgorzata
Weitere Verfasser: Borowiak, Daniel, Kosiorowska, Małgorzata, 1978-
Format: Buchkapitel
Sprache:Polnisch
Tags: Tag hinzufügen
Keine Tags, Fügen Sie das erste Tag hinzu!

MARC

LEADER 00000naa$a2200000$$$4500
001 0167130
005 20240502083409.0
041 0 |a pol 
044 |a PL 
245 1 0 |a Regionalne i tradycyjne oleje i tłuszcze w jadłospisie studenta  |c Małgorzata Krzywonos, Daniel Borowiak, Małgorzata Kosiorowska 
500 |a Abstrakt 
100 1 |a Krzywonos, Małgorzata 
700 1 |a Borowiak, Daniel 
700 1 |a Kosiorowska, Małgorzata, 1978-